[Event "Pereira GP op 2nd"]
[Site "Pereira"]
[Date "2023.10.21"]
[Round "1"]
[White "Agudelo Montoya, Juan David"]
[Black "Quevedo Bonilla, Paula Thaliana"]
[Result "0-1"]
[WhiteElo "1300"]
[BlackElo "1520"]
[PlyCount "74"]
[EventDate "2023.10.21"]
[EventType "swiss"]
[EventRounds "6"]
[EventCountry "COL"]
[SourceTitle "CBM 216 Extra"]
[Source "ChessBase"]
[SourceDate "2023.11.30"]
[SourceVersion "1"]
[SourceVersionDate "2023.11.30"]
[SourceQuality "1"]

1. c4 e5 2. Nc3 Nf6 3. Nf3 d6 4. e3 Be7 5. Be2 0-0 6. 0-0 c6 7. d4 e4 8. Ne1 d5 9. c5 Nbd7 10. f3 b6 11. fxe4 Nxe4 12. Nxe4 dxe4 13. d5 Bxc5 14. dxc6 Ne5 15. Qxd8 Rxd8 16. c7 Rd7 17. Rf5 f6 18. Rf4 Bb7 19. b3 Rxc7 20. Bb2 Bxe3+ 21. Rf2 Rd8 22. Kf1 Bxf2 23. Kxf2 Nd3+ 24. Nxd3 exd3 25. Bd1 d2 26. Ke2 Bxg2 27. h4 Be4 28. Ba3 a5 29. Be7 Rxe7 30. Rb1 Bxb1+ 31. Kf1 Re1+ 32. Kf2 Rxd1 33. Ke2 Re1+ 34. Kf2 Rde8 35. h5 R8e3 36. Kg2 R1e2+ 37. Kh1 d1Q# 0-1